| Tag |
First Indicator |
Second Indicator |
Subfields |
| LEADER |
00000cam a2200000 a 4500 |
| 001 |
in00001402402 |
| 005 |
20151020055346.0 |
| 008 |
970425s1997 nyu b 001 0 eng |
| 010 |
|
|
|a 97020132
|
| 020 |
|
|
|a 0815328737 (alk. paper)
|
| 035 |
|
|
|a (OCoLC)36865716
|
| 035 |
|
|
|9 AHN4271AM
|
| 040 |
|
|
|a DLC
|c DLC
|d TXA
|d UtOrBLW
|
| 043 |
|
|
|a n-us-ny
|
| 049 |
|
|
|a TXAM
|
| 050 |
0 |
0 |
|a HQ146.N7
|b W47 1997
|
| 082 |
0 |
0 |
|a 363.4/4/09747
|2 21
|
| 100 |
1 |
|
|a Whiteaker, Larry H.
|q (Larry Howard),
|d 1946-
|
| 245 |
1 |
0 |
|a Seduction, prostitution, and moral reform in New York, 1830-1860 /
|c Larry Whiteaker.
|
| 264 |
|
1 |
|a New York :
|b Garland Pub.,
|c 1997.
|
| 300 |
|
|
|a xvi, 177 pages ;
|c 23 cm.
|
| 336 |
|
|
|a text
|b txt
|2 rdacontent
|
| 337 |
|
|
|a unmediated
|b n
|2 rdamedia
|
| 338 |
|
|
|a volume
|b nc
|2 rdacarrier
|
| 490 |
1 |
|
|a Garland studies in American popular history and culture
|
| 504 |
|
|
|a Includes bibliographical references (pages 165-172) and index.
|
| 650 |
|
0 |
|a Prostitution
|z New York (State)
|z New York
|x Prevention
|x History
|y 19th century.
|
| 650 |
|
0 |
|a Social work with prostitutes
|z New York (State)
|z New York
|x History
|y 19th century.
|
| 650 |
|
0 |
|a Seduction
|z New York (State)
|z New York
|x Prevention
|x History
|y 19th century.
|
| 650 |
|
0 |
|a Social reformers
|z New York (State)
|z New York
|x History
|y 19th century.
|
| 651 |
|
0 |
|a New York (N.Y.)
|x Moral conditions
|x History
|y 19th century.
|
| 830 |
|
0 |
|a Garland studies in American popular history and culture.
|
| 999 |
|
|
|a MARS
|
| 999 |
f |
f |
|s 01d0581a-b843-3873-be1c-5de9fbfae4f5
|i 75550979-5111-3cde-b84b-24aa482cdf09
|t 0
|
| 952 |
f |
f |
|p ric
|a Texas A&M University
|b Rellis Campus
|c Joint Library Facility
|d Remote Storage
|t 0
|e HQ146.N7 W47 1997
|h Library of Congress classification
|i unmediated -- volume
|m A14822133533
|
| 998 |
f |
f |
|a HQ146.N7 W47 1997
|t 0
|l Remote Storage
|